| 000 | 00568nam a2200229Ia 4500 | ||
|---|---|---|---|
| 003 | OSt | ||
| 005 | 20220912144327.0 | ||
| 006 | a|||||r|||| 00| 0 | ||
| 007 | ta | ||
| 008 | 220909b |||||||| |||| 00| 0 eng d | ||
| 020 | _aSL01094990 | ||
| 024 | _a188269 | ||
| 037 | _cTextual | ||
| 040 |
_aCSL _beng _cCSL |
||
| 041 | _aeng | ||
| 082 | _aX652:8, N5 | ||
| 100 | _aFischer; jordan | ||
| 245 | 0 | _aSecurity analysis and porfolio managment | |
| 700 | _aFischer; jordan | ||
| 942 |
_hX652:8, N5 _cTEXL _2CC |
||
| 999 |
_c5015 _d5015 |
||